000 00574pam a2200157a 44500
008 230515b2012 xxu||||| |||| 00| 0 eng d
020 _aNULL
041 _aENGLISH
082 _a610.0
100 _aMS. SHERYL AUGUSTINE
245 _aA STUDY TO ASSESS THE LNOWLEDGE AND ATTITUDE OF WOMEN UNDERGOING HYSTERCTORY WITH A VIEW TO PREPARE AN INSTRUCTIONAL MODULE FOR PREOPERATIVE TEACHING REGARDING CARE FOR HYSTERECTOMY IN SELECTED HOSPITALS OF PUNE CITY.
250 _a1
260 _a
_bBHARATI VIDYAPEETH DEEMED UNIVERSITY, PUNE,
_c2012
300 _a98
650 _aNULL
999 _c532078
_d532078